000 00948nam a2200229Ia 4500
003 Ost
005 20260507075801.0
008 260507s9999||||xx |||||||||||||| ||und||
020 _a9789957660208
040 _cfsecg
041 _aara
082 _a658.812
100 _aحواس، مولود عبد العزيز
_eمؤلف
245 0 _aإدارة قنوات التوزيع :
_bمدخل متكامل /
_c مولود عبد العزيز حواس
260 _aعمان :
_bدار الحامد للنشر والتوزيع,
_c2018
300 _a272 صفحة؛
_bإيضاحات ؛
_c25 سم
520 _aيضم أساسيات التوزيع، الوسطاء، قنوات التوزيع، استراتيجية التوزيع ، التوزيع المادي، قوة البيع والتوزيع.
653 _aالتسويق
653 _aالتوزيع
700 _aوهابي، كلثوم أحمد
_eمؤلف ثانوي
942 _cكتاب
999 _c46281
_d46281